<?xml version="1.0" encoding="UTF-8"?><?xml-stylesheet type="text/xsl" href="static/style.xsl"?><OAI-PMH xmlns="http://www.openarchives.org/OAI/2.0/" xmlns:xsi="http://www.w3.org/2001/XMLSchema-instance" xsi:schemaLocation="http://www.openarchives.org/OAI/2.0/ http://www.openarchives.org/OAI/2.0/OAI-PMH.xsd"><responseDate>2026-04-27T19:54:25Z</responseDate><request verb="GetRecord" identifier="oai:uvadoc.uva.es:10324/42497" metadataPrefix="marc">https://uvadoc.uva.es/oai/request</request><GetRecord><record><header><identifier>oai:uvadoc.uva.es:10324/42497</identifier><datestamp>2021-11-25T10:49:12Z</datestamp><setSpec>com_10324_38</setSpec><setSpec>col_10324_852</setSpec></header><metadata><record xmlns="http://www.loc.gov/MARC21/slim" xmlns:doc="http://www.lyncode.com/xoai" xmlns:xsi="http://www.w3.org/2001/XMLSchema-instance" xmlns:dcterms="http://purl.org/dc/terms/" xsi:schemaLocation="http://www.loc.gov/MARC21/slim http://www.loc.gov/standards/marcxml/schema/MARC21slim.xsd">
<leader>00925njm 22002777a 4500</leader>
<datafield tag="042" ind1=" " ind2=" ">
<subfield code="a">dc</subfield>
</datafield>
<datafield tag="720" ind1=" " ind2=" ">
<subfield code="a">Pellitero Villarino, Víctor</subfield>
<subfield code="e">author</subfield>
</datafield>
<datafield tag="260" ind1=" " ind2=" ">
<subfield code="c">2020</subfield>
</datafield>
<datafield tag="520" ind1=" " ind2=" ">
<subfield code="a">En el presente trabajo se lleva a análisis la relación entre el colectivo LGTB y la&#xd;
publicidad comercial, examinando los riesgos más comunes de representación de&#xd;
personas LGTB en los medios de comunicación, y observando los modelos de&#xd;
representación del colectivo en las campañas publicitarias de dos marcas seleccionadas&#xd;
para el estudio de casos: Coca-Cola y El Corte Inglés. Este análisis tiene como fin extraer&#xd;
una conclusión acerca del grado de implicación real por parte de las marcas mencionadas&#xd;
con el colectivo LGTB, y observar si en la actualidad las representaciones del colectivo&#xd;
están ejecutadas de manera respetuosa e inclusiva. Para último punto, se ha tenido en&#xd;
cuenta la guía de buenas acciones propuesta por la Federación Estatal de Lesbianas, Gais,&#xd;
Transexuales y Bisexuales.</subfield>
</datafield>
<datafield tag="024" ind2=" " ind1="8">
<subfield code="a">http://uvadoc.uva.es/handle/10324/42497</subfield>
</datafield>
<datafield ind1=" " ind2=" " tag="653">
<subfield code="a">Diversidad sexual - Medios de Comunicación Social</subfield>
</datafield>
<datafield tag="245" ind1="0" ind2="0">
<subfield code="a">Sexoafectividades en venta: publicidad comercial y colectivo LGTB</subfield>
</datafield>
</record></metadata></record></GetRecord></OAI-PMH>